Watercress / (Record no. 383553)
[ view plain ]
| 000 -LEADER | |
|---|---|
| fixed length control field | 03456nam a22006011u 4500 |
| 001 - CONTROL NUMBER | |
| control field | fwb001043 |
| 003 - CONTROL NUMBER IDENTIFIER | |
| control field | UtOrBLW |
| 005 - DATE AND TIME OF LATEST TRANSACTION | |
| control field | 20230523140745.0 |
| 006 - FIXED-LENGTH DATA ELEMENTS--ADDITIONAL MATERIAL CHARACTERISTICS--GENERAL INFORMATION | |
| fixed length control field | m cq h |
| 007 - PHYSICAL DESCRIPTION FIXED FIELD--GENERAL INFORMATION | |
| fixed length control field | cs nzannnauuuu |
| 007 - PHYSICAL DESCRIPTION FIXED FIELD--GENERAL INFORMATION | |
| fixed length control field | sz zunznnnzned |
| 008 - FIXED-LENGTH DATA ELEMENTS--GENERAL INFORMATION | |
| fixed length control field | 221115s2023 ohua a 000 0 eng d |
| 020 ## - INTERNATIONAL STANDARD BOOK NUMBER | |
| International Standard Book Number | 9781669667216 |
| Qualifying information | (Wonderbook) : |
| Terms of availability | $69.99 |
| 020 ## - INTERNATIONAL STANDARD BOOK NUMBER | |
| Cancelled/invalid ISBN | 9780823446247 |
| Qualifying information | (print) |
| 028 01 - PUBLISHER NUMBER | |
| Publisher number | WB001043 |
| Source | Findaway World |
| 035 ## - SYSTEM CONTROL NUMBER | |
| System control number | (OCoLC)1354353291 |
| 040 ## - CATALOGING SOURCE | |
| Original cataloging agency | UtOrBLW |
| Language of cataloging | eng |
| Description conventions | rda |
| Transcribing agency | UtOrBLW |
| 050 #4 - LIBRARY OF CONGRESS CALL NUMBER | |
| Classification number | PS3623.A4566 |
| Item number | W37 2023 |
| 082 04 - DEWEY DECIMAL CLASSIFICATION NUMBER | |
| Classification number | [E] |
| Edition number | 23 |
| 092 ## - LOCALLY ASSIGNED DEWEY CALL NUMBER (OCLC) | |
| Classification number | Children's Wonderbook |
| Item number | Wang, Andrea |
| 100 1# - MAIN ENTRY--PERSONAL NAME | |
| Personal name | Wang, Andrea, |
| Relator term | author. |
| 9 (RLIN) | 6020233 |
| 245 10 - TITLE STATEMENT | |
| Title | Watercress / |
| Statement of responsibility, etc | Andrea Wang. |
| 264 #1 - Production, Publication, Distribution, Manufacture, and Copyright Notice. | |
| Place of production, publication, distribution, manufacture | Solon, Ohio : |
| Name of producer, publisher, distributor, manufacturer | Findaway World, LLC, |
| Date of production, publication, distribution, manufacture, or copyr | [2023] |
| 300 ## - PHYSICAL DESCRIPTION | |
| Extent | 1 Wonderbook : |
| Other physical details | color illustrations ; |
| Dimensions | cm. |
| 336 ## - Content Type | |
| Content type term | spoken word |
| 336 ## - Content Type | |
| Content type term | still image |
| 337 ## - Media type | |
| Media type term | audio |
| 337 ## - Media type | |
| Media type term | unmediated |
| 338 ## - Carrier type | |
| Carrier type term | other |
| 338 ## - Carrier type | |
| Carrier type term | volume |
| 500 ## - GENERAL NOTE | |
| General note | Title supplied by publisher. |
| 500 ## - GENERAL NOTE | |
| General note | Release date supplied by publisher. |
| 500 ## - GENERAL NOTE | |
| General note | Issued as a Wonderbook, a pre-loaded audiobook player permanently attached to a hardcover book. |
| 500 ## - GENERAL NOTE | |
| General note | Powered by a rechargeable battery ; USB charger required for recharging. |
| 500 ## - GENERAL NOTE | |
| General note | Audiobook player has 2 modes. Read-Along mode narrates the story. Learning mode asks questions related to the story. |
| 500 ## - GENERAL NOTE | |
| General note | Print book published by Holiday House. |
| 500 ## - GENERAL NOTE | |
| General note | Audiobook originally released by Weston Woods. |
| 511 0# - PARTICIPANT OR PERFORMER NOTE | |
| Participant or performer note | Narrated by Jason Chin. |
| 520 ## - SUMMARY, ETC. | |
| Summary, etc | While driving through Ohio in an old Pontiac, a young girl's Chinese immigrant parents spot watercress growing wild in a ditch by the side of the road. They stop the car, grabbing rusty scissors and an old paper bag, and the whole family wades into the mud to gather as much as they can. At first, she's embarrassed. Why can't her family just get food from the grocery store, like everyone else? But when her mother shares a bittersweet story of her family history in China, the girl learns to appreciate the fresh food they foraged--and the memories left behind in pursuit of a new life. Together, they make a new memory of watercress. Author Andrea Wang calls this moving, autobiographical story "both an apology and a love letter to my parents." It's a bittersweet, delicate look at how sharing the difficult parts of our histories can create powerful new moments of family history, and help connect us to our roots. Jason Chin's illustrations move between China and the American Midwest and were created with a mixture of traditional Chinese brushes and western media. The dreamy, nostalgic color palette brings this beautiful story to life. |
| 521 2# - TARGET AUDIENCE NOTE | |
| Target audience note | Pre-K to 3. |
| 650 #0 - SUBJECT ADDED ENTRY--TOPICAL TERM | |
| Topical term or geographic name as entry element | Watercress |
| Form subdivision | Juvenile fiction. |
| 9 (RLIN) | 6443268 |
| 650 #0 - SUBJECT ADDED ENTRY--TOPICAL TERM | |
| Topical term or geographic name as entry element | Harvesting |
| Form subdivision | Juvenile fiction. |
| 9 (RLIN) | 6443269 |
| 650 #0 - SUBJECT ADDED ENTRY--TOPICAL TERM | |
| Topical term or geographic name as entry element | Chinese Americans |
| Form subdivision | Juvenile fiction. |
| 9 (RLIN) | 5686580 |
| 650 #0 - SUBJECT ADDED ENTRY--TOPICAL TERM | |
| Topical term or geographic name as entry element | Immigrants |
| Form subdivision | Juvenile fiction. |
| 9 (RLIN) | 5709400 |
| 650 #0 - SUBJECT ADDED ENTRY--TOPICAL TERM | |
| Topical term or geographic name as entry element | Families |
| Geographic subdivision | Ohio |
| Form subdivision | Juvenile fiction. |
| 9 (RLIN) | 5688593 |
| 651 #0 - SUBJECT ADDED ENTRY--GEOGRAPHIC NAME | |
| Geographic name | Ohio |
| Form subdivision | Juvenile fiction. |
| 9 (RLIN) | 5688594 |
| 655 #7 - INDEX TERM--GENRE/FORM | |
| Genre/form data or focus term | Picture books. |
| Source of term | lcgft |
| 655 #7 - INDEX TERM--GENRE/FORM | |
| Genre/form data or focus term | Fiction. |
| Source of term | lcgft |
| 9 (RLIN) | 5673940 |
| 655 #7 - INDEX TERM--GENRE/FORM | |
| Genre/form data or focus term | Children's audiobooks. |
| Source of term | lcgft |
| 9 (RLIN) | 5675081 |
| 700 1# - ADDED ENTRY--PERSONAL NAME | |
| Personal name | Chin, Jason, |
| Dates associated with a name | 1978- |
| Relator term | narrator, |
| -- | illustrator. |
| 9 (RLIN) | 53452 |
| 710 2# - ADDED ENTRY--CORPORATE NAME | |
| Corporate name or jurisdiction name as entry element | Findaway World, LLC., |
| Relator term | issuing body. |
| 9 (RLIN) | 5674726 |
| 942 ## - ADDED ENTRY ELEMENTS (KOHA) | |
| Source of classification or shelving scheme | Dewey Decimal Classification |
| Koha item type | Wonderbook |
| Withdrawn status | Lost status | Source of classification or shelving scheme | Damaged status | Not for loan | Collection code | Home library | Current library | Shelving location | Date acquired | Source of acquisition | Total Checkouts | Total Renewals | Full call number | Barcode | Checked out | Date last seen | Date checked out | Cost, replacement price | Price effective from | Koha item type |
|---|---|---|---|---|---|---|---|---|---|---|---|---|---|---|---|---|---|---|---|---|
| Dewey Decimal Classification | Children Audio Set | Wasatch County Library | Wasatch County Library | Main Floor Childrens Area | 05/23/2023 | Playaway | 32 | 21 | E Wonder Wang | 34301002001701 | 04/19/2026 | 03/11/2026 | 03/11/2026 | 55.00 | 05/23/2023 | Wonderbook |
